Normal view
MARC view
Entry Personal Name
001 - CONTROL NUMBER
- control field: 12302
003 - CONTROL NUMBER IDENTIFIER
- control field: BD-RjUL
005 - DATE AND TIME OF LATEST TRANSACTION
- control field: 20240313155659.0
008 - FIXED-LENGTH DATA ELEMENTS
- fixed length control field: 240313|| aca||aabn | a|a d
040 ## - CATALOGING SOURCE
- Original cataloging agency: BD-RjUL
- Transcribing agency: BD-RjUL
100 ## - HEADING--PERSONAL NAME
- Personal name: Zahra, A.R.M. Fatema
670 ## - SOURCE DATA FOUND
- Source citation: Work cat.: (BD-RjUL)83347: Zahra, A.R.M. Fatema, An Empirical investigation into the production structure of the textile industries in Bangladesh /, 2006